Complex Manifolds and Deformation of Complex Structures
Αποθηκεύτηκε σε:
| Κύριος συγγραφέας: | |
|---|---|
| Μορφή: | Βιβλίο |
| Γλώσσα: | English |
| Δημοσίευση: |
New york :
Springer-Verlag,
c1986
|
| Σειρά: | Grundlehren der mathematischen wissenschaften ;
; 283 |
| Θέματα: | |
| Ετικέτες: |
Προσθήκη ετικέτας
Δεν υπάρχουν, Καταχωρήστε ετικέτα πρώτοι!
|
MARC
| LEADER | 00000nam a2200000 i 4500 | ||
|---|---|---|---|
| 001 | 1/28407 | ||
| 008 | 960605s1986 eng d | ||
| 020 | |a 0-387-96188-7 | ||
| 035 | |a 1995 |l 10038066 | ||
| 040 | |a GR-MY-UA |b gre |e aacr | ||
| 041 | 0 | |a eng | |
| 082 | 0 | |a 515.93 | |
| 100 | 1 | |a Kodaira, Kunihiko |d 1915- | |
| 245 | 1 | 0 | |a Complex Manifolds and Deformation of Complex Structures / |c Kunihiko Kodaira |
| 260 | |a New york : |b Springer-Verlag, |c c1986 | ||
| 300 | |a 465 p.; |c 24 cm. | ||
| 490 | 1 | |a Grundlehren der mathematischen Wissenschaften |v ; 283 | |
| 500 | |a Includes bibliographical references and index | ||
| 650 | 0 | 0 | |a Complex manifolds. |
| 650 | 0 | 0 | |a Holomorphic mappings. |
| 650 | 0 | 0 | |a Moduli theory. |
| 830 | 0 | |a Grundlehren der mathematischen wissenschaften ; |v ; 283 | |
| 852 | |a INST |b SAMOS |e 19960605 |h 515.93 KOD |p 005300005119 |q 005300005119 |t BK |y 0 | ||
| 909 | |a Σ |b 039280 | ||